|
|
|
|
| LEADER |
00000nam0a2200000 4500 |
| 001 |
117906 |
| 005 |
20231101215431.0 |
| 035 |
|
|
|a (RuTPU)RU\TPU\book\127616
|
| 090 |
|
|
|a 117906
|
| 100 |
|
|
|a 20070606d1977 e y0rusy50 ca
|
| 101 |
1 |
|
|a rus
|c fre
|
| 102 |
|
|
|a RU
|
| 105 |
|
|
|a a z 000ay
|
| 200 |
1 |
|
|a Пятнадцатилетний капитан
|e роман
|e пер. с фр.
|f Ж. Верн
|
| 210 |
|
|
|a Челябинск
|c Южно-Уральское кн. изд-во
|d 1977
|
| 215 |
|
|
|a 469 с.
|c ил.
|
| 464 |
|
|
|t Пятнадцатилетний капитан
|
| 464 |
|
|
|t Властелин мира
|
| 610 |
1 |
|
|a французская литература
|
| 610 |
1 |
|
|a приключенческие романы
|
| 675 |
|
|
|a 84
|v 3
|
| 700 |
|
1 |
|a Верн
|b Ж.
|c французский писатель
|f 1828-1905
|g Жюль
|2 stltpush
|3 (RuTPU)RU\TPU\pers\20608
|9 8348
|
| 801 |
|
1 |
|a RU
|b 63413507
|c 20070606
|g PSBO
|
| 801 |
|
2 |
|a RU
|b 63413507
|c 20180115
|g RCR
|
| 942 |
|
|
|c BK
|